00529nam a2200157 a 450000500170000000800410001704000250005804100130008310000180009624501080011426000820022230000110030465000100031565000220032565000240034720151117030112.0140226b1998 gw ||||| |||| 00| 0 eng d aCO-BoIAVHcCO-BoIAVH aspaheng aLange, Dagmar aUnidad de formación relativa a especies vegetales incluidas en CITES utilizadas con fines medicinales aBonnbAlemania. Agencia federal para la conservación de la naturalezac1998 a100 p. aCITES aListas rojas UICN aPlantas medicinales